00290nam a2200121Ia 4500008004100000041000900041082001700050100002500067245002400092260003600116300000800152650000800160230718s9999 xx 000 0 und d aEng. a345.4bMAL-P aMalik, Bakhtair Amna 0aPakistan Penal code aPakistanbPunjab law bookc2013 a244 aLaw